Los poderes en la frontera (Record no. 19964)

MARC details
000 -LEADER
campo de control de longitud fija 01493cac a2200277 a 4500
003 - IDENTIFICADOR DE NÚMERO DE CONTROL
campo de control Co-PeBPM
005 - FECHA Y HORA DE LA ÚLTIMA TRANSACCIÓN
campo de control 20250923002234.0
008 - DATOS DE LONGITUD FIJA--INFORMACIÓN GENERAL
campo de control de longitud fija 231129s2015||||xx |||||||||||||| ||spa||
020 ## - NÚMERO INTERNACIONAL ESTÁNDAR DEL LIBRO
Número Internacional Estándar del Libro 9789587753684
040 0# - FUENTE DE CATALOGACIÓN
Centro catalogador/agencia de origen Co-PeBPM
Lengua de catalogación spa
Centro/agencia transcriptor Co-PeBPM
Normas de descripción rda
041 0# - CÓDIGO DE IDIOMA
Código de lengua del texto/banda sonora o título independiente spa
082 ## - NÚMERO DE LA CLASIFICACIÓN DECIMAL DEWEY
Número de clasificación 207.2 C117p
100 ## - ENTRADA PRINCIPAL--NOMBRE DE PERSONA
Nombre de persona Cabrera Becerra, Gabriel
Término indicativo de función/relación Autor
245 #0 - MENCIÓN DEL TÍTULO
Título Los poderes en la frontera
Resto del título : Misiones católicas y protestantes y Estados en el Vaupés colombo-brasileño 1923-1989
Mención de responsabilidad, etc. / Gabriel Cabrera Becerra.
260 ## - PUBLICACIÓN, DISTRIBUCIÓN, ETC.
Lugar de publicación, distribución, etc. Medellín:
Nombre del editor, distribuidor, etc. Universidad Nacional de Colombia, 2015
300 ## - DESCRIPCIÓN FÍSICA
Extensión 455 páginas
Otras características físicas ; ilustraciones
Dimensiones ; 24 cm.
490 ## - MENCIÓN DE SERIE
Mención de serie Colección Folios
500 ## - NOTA GENERAL
Nota general Incluye contenido<br/>Glosario<br/>Bibliografía<br/>Anexos<br/>Índice Onomástico<br/>índice Analítico<br/>Lista de fotografías, gráficos, mapas y tablas
504 ## - NOTA DE BIBLIOGRAFÍA, ETC.
Nota de bibliografía, etc. Incluye bibliografías e índices.
520 ## - RESUMEN, ETC.
Sumario, etc. Este estudio ofrece al lector un panorama completo del contexto de las misiones en el orden de la Iglesia Católica y en el mundo protestante, abordando en el primero las acciones de los javieres y lauritas, que actuaron en Colombia, como los salesianos e Hijas de María Auxiliadora que trabajaron en Brasil, y en el segundo la Misión de Nuevas Tribus y el Instituto Lingüístico de verano.
650 14 - PUNTO DE ACCESO ADICIONAL DE MATERIA--TÉRMINO DE MATERIA
Fuente del encabezamiento o término LEMB
Término de materia o nombre geográfico como elemento de entrada Misiones
Subdivisión general Historia
Subdivisión cronológica 1923-1989.
Subdivisión geográfica Vaupés (Colombia)
650 14 - PUNTO DE ACCESO ADICIONAL DE MATERIA--TÉRMINO DE MATERIA
Fuente del encabezamiento o término LEMB
Término de materia o nombre geográfico como elemento de entrada Iglesias protestantes
650 14 - PUNTO DE ACCESO ADICIONAL DE MATERIA--TÉRMINO DE MATERIA
Fuente del encabezamiento o término LEMB
Término de materia o nombre geográfico como elemento de entrada Misiones católicas
650 14 - PUNTO DE ACCESO ADICIONAL DE MATERIA--TÉRMINO DE MATERIA
Fuente del encabezamiento o término LEMB
Término de materia o nombre geográfico como elemento de entrada Evangelización
942 ## - ELEMENTOS DE ENTRADA SECUNDARIOS (KOHA)
Fuente del sistema de clasificación o colocación Clasificación Decimal Dewey
Tipo de ítem Koha Libros
Suprimir en OPAC No
Holdings
Estatus retirado Estado de pérdida Fuente del sistema de clasificación o colocación Estado de daño No para préstamo Colección Biblioteca de origen Biblioteca actual Ubicación en estantería Fecha de adquisición Fuente de adquisición Total de préstamos Signatura topográfica completa Código de barras Visto por última vez Copia número Precio de reemplazo Tipo de ítem Koha
    Clasificación Decimal Dewey     General BIBLIOTECA HUGO ANGEL JARAMILLO BIBLIOTECA HUGO ANGEL JARAMILLO Colección general 06/05/2025     207.2 C117p 61571 06/05/2025 Ej. 1 06/05/2025 Libros
    Clasificación Decimal Dewey     General BIBLIOTECA PÚBLICA MUNICIPAL RAMON CORREA MEJIA BIBLIOTECA PÚBLICA MUNICIPAL RAMON CORREA MEJIA Colección general 05/11/2015 Donación   207.2 C117p 36674 29/11/2023 Ej.2 29/11/2023 Libros

Powered by Koha